Loading...
| Science - Biology | 0 | 6 | 1 | 1 | 55 | 35 | 63.83 | 3 | 4 |
| Pop Culture | 0 | 3 | 0 | 1 | 30 | 55 | 91.67 | 0 | 1 |
| Science - Chemistry | 0 | 3 | 0 | 1 | 30 | 102 | 113.33 | 0 | 1 |
| Science - Other Science | 0 | 1 | 0 | 0 | 10 | 126 | 126.00 | 0 | 0 |
| History - American History | 0 | 1 | 0 | 0 | 10 | 92 | 92.00 | 0 | 0 |
| Philosophy | 0 | 1 | 0 | 1 | 10 | 122 | 122.00 | 0 | 1 |
| Religion | 0 | 1 | 0 | 0 | 10 | 90 | 90.00 | 1 | 1 |
| Fine Arts - Other Fine Arts | 0 | 1 | 0 | 0 | 10 | 86 | 86.00 | 1 | 1 |
| History - World History | 0 | 0 | 1 | 0 | -5 | 0.00 | 0 | 0 | |
| Literature - British Literature | 0 | 0 | 1 | 0 | -5 | 0.00 | 0 | 0 | |
| Fine Arts - Painting and Sculpture | 0 | 0 | 1 | 0 | -5 | 0.00 | 0 | 0 |